La prescripción tributaria

Saved in:
书目详细资料
企业作者: EDIG Ltda (Editor)
格式: 未知
语言:英语
西班牙语
出版: Santiago, Chile Libromar 2019
丛编:Colección de Manuales Prácticos
主题:
标签: 添加标签
没有标签, 成为第一个标记此记录!

MARC

LEADER 00000 a2200000 4500
003 CL-VaPUC
005 20250506114108.0
008 200122b ||||| |||| 00| 0 eng d
999 |c 377563  |d 377561 
020 |a 9789567890644 
040 |c Pontificia Universidad Católica de Valparaíso 
041 0 |a spa 
082 |a 343.8304 EDI 2019 
110 1 |a EDIG Ltda  |e editor  |9 611740 
245 1 3 |a La prescripción tributaria 
260 3 |b Libromar  |c 2019  |a Santiago, Chile 
300 |a 235 páginas 
490 0 0 |a Colección de Manuales Prácticos 
505 0 |a I. Introducción. II. Prescripción de la facultad del SII para liquidar impuestos, revisar deficiencias en las liquidaciones y girar los tributos. III. Jurisprudencia administrativa y judicial (art. 200 Código Tributario). IV. Prescripción de la acción del fisco para perseguir el cobro los impuestos, intereses, sanciones y otros recargos. V. Jurisprudencia, administrativa y judicial (art. 201 Código Tributario). 
583 |k Hugo Gaete  |c 20200122 
650 0 0 |a Derecho tributario  |9 258895 
650 0 0 |a PRESCRIPCION TRIBUTARIA  |9 384102 
650 0 0 |a Código tributario  |9 350428 
650 0 0 |a Obligaciones tributarias  |9 383518 
650 0 0 |a TRIBUNALES TRIBUTARIOS  |9 611741 
942 |2 ddc  |c BK 
952 |0 0  |1 0  |2 ddc  |4 0  |6 343_830400000000000_EDI_2019  |7 0  |8 A  |9 497547  |a BIBGIM  |b BIBGIM  |d 2020-01-20  |e 22  |g 25501.00  |i 5572991  |o 343.8304 EDI 2019  |p 5572991  |r 2025-01-15  |t 2  |v 25501.00  |w 2020-01-20  |y BK  |k COM 
952 |0 0  |1 0  |2 ddc  |4 0  |6 343_830400000000000_EDI_2019  |7 0  |8 A  |9 497548  |a BIBGIM  |b BIBGIM  |d 2020-01-20  |e 22  |g 25501.00  |i 5572983  |o 343.8304 EDI 2019  |p 5572983  |r 2025-01-15  |t 1  |v 25501.00  |w 2020-01-20  |y BK  |k COM